| 000 | 00551nam a2200157 a 4500 | ||
|---|---|---|---|
| 001 | 000039947 | ||
| 005 | 20201002033827.0 | ||
| 008 | 130731s1962 ag 000 0 spa d | ||
| 040 |
_aDO-SdBNP _bspa _cBNPHU |
||
| 100 | 1 |
_aKennan, George F. _966164 |
|
| 240 | 1 | 0 |
_aRussia and the west under Lenin and Stalin _lespañol |
| 245 | 1 | 0 |
_aRusia y Occidente bajo Lenin y Stalin / _cGeorge F. Kennan ; traducción Leon Mirlas. |
| 260 |
_aBuenos Aires, Argentina : _bEdiciones selectas, _c1962. |
||
| 300 |
_a347 p. ; _c21 cm. |
||
| 700 | 1 |
_aMirlas, Leon, _etr. _94754 |
|
| 999 |
_c39437 _d39437 |
||